Entrepreneurship (Record no. 7328)

MARC details
000 -LEADER
fixed length control field 00299nam a2200133Ia 4500
008 - FIXED-LENGTH DATA ELEMENTS--GENERAL INFORMATION
fixed length control field 191201s2010 xx 000 0 und d
100 ## - MAIN ENTRY--PERSONAL NAME
Personal name LALL, Madhurima
245 #0 - TITLE STATEMENT
Title Entrepreneurship
250 ## - EDITION STATEMENT
Edition statement Rep
260 ## - PUBLICATION, DISTRIBUTION, ETC. (IMPRINT)
Date of publication, distribution, etc 2010
Name of publisher, distributor, etc Excel Books
Place of publication, distribution, etc N. Delhi
300 ## - PHYSICAL DESCRIPTION
Extent 425
650 ## - SUBJECT ADDED ENTRY--TOPICAL TERM
Topical term or geographic name as entry element MBA
942 ## - ADDED ENTRY ELEMENTS (KOHA)
Source of classification or shelving scheme Dewey Decimal Classification
Koha item type Book Bank
Holdings
Withdrawn status Lost status Source of classification or shelving scheme Damaged status Not for loan Collection code Home library Current library Date acquired Source of acquisition Cost, normal purchase price Bill Number Total Checkouts Acc. no. / Barcode Date last seen Bill Date Koha item type
    Dewey Decimal Classification     MBA PIET C-LIBRARY PIET C-LIBRARY 04/05/2010 J B C, New Delhi 325.00 SI-37   BB5481 04/12/2019 04/05/2010 Book Bank
    Dewey Decimal Classification     MBA PIET C-LIBRARY PIET C-LIBRARY 04/05/2010 J B C, New Delhi 325.00 SI-37   BB5482 04/12/2019 04/05/2010 Book Bank
    Dewey Decimal Classification     MBA PIET C-LIBRARY PIET C-LIBRARY 04/05/2010 J B C, New Delhi 325.00 SI-37   BB5483 04/12/2019 04/05/2010 Book Bank
    Dewey Decimal Classification     MBA PIET C-LIBRARY PIET C-LIBRARY 04/05/2010 J B C, New Delhi 325.00 SI-37   BB5484 04/12/2019 04/05/2010 Book Bank
    Dewey Decimal Classification     MBA PIET C-LIBRARY PIET C-LIBRARY 04/05/2010 J B C, New Delhi 325.00 SI-37   BB5485 04/12/2019 04/05/2010 Book Bank
    Dewey Decimal Classification     MBA PIET C-LIBRARY PIET C-LIBRARY 04/05/2010 J B C, New Delhi 325.00 SI-37   BB5486 04/12/2019 04/05/2010 Book Bank

Design & Developed by: PIET Central Library
R70 Miles Stone Pattikalyana Samalkha Panipat 132102
mail ID :- [email protected], Phone No:- 0180-2569700 Ex.216